Szczegóły MARC21

Produkcja i zarządzanie w hutnictwie : VII Konferencja Naukowo-Techniczna : materiały konferencyjne Wydziału Metalurgii i Inżynierii Materiałow ej /

005 -DATA I CZAS OSTATNIEJ MODYFIKACJI [,]
    • @
    • pole kontrolne
    • 20070315155141.9
020 -Międzynarod. znormalizowany nr książki - ISBN [ , ]
    • a
    • Numer ISBN
    • 8387745650 Find
040 -Instytucja sporządzająca opis [ , ]
    • a
    • Instytucja, która sporządziła opis (NP)
    • SZCZ U
    • c
    • Instytucja, która sporządziła rekord (NP)
    • SZCZ U
041 -Język dokumentu [0, ]
    • a
    • Język tekstu (P)
    • polski
    • h
    • Język tekstu oryginalnego i/lub pośredniego (P)
    • polski
942 -Rodzaj dokumentu [ , ]
    • c
    • Rodzaj dokumentu
    • Książka
245 -Strefa tytułu i oznaczenia odpowiedzialności [0, ]
    • a
    • Tytuł
    • Produkcja i zarządzanie w hutnictwie : Find
    • b
    • Ciąg dalszy tytułu (NP)
    • VII Konferencja Naukowo-Techniczna : materiały konferencyjne Wydziału Metalurgii i Inżynierii Materiałow ej / Find
    • c
    • Pozostałe elementy strefy tytułu i oznaczenia odpowiedzialności (NP)
    • [kol. red.: Henryk Bala i in.].
260 -Strefa adresu wydawniczego [ , ]
    • a
    • Miejsce wydania (P)
    • Częstochowa :
    • b
    • Nazwa wydawcy (P)
    • Wydaw.WMiIM PC,
    • c
    • Data wydania (P)
    • 2000.
300 -Strefa opisu fizycznego [ , ]
    • a
    • Określenie formy książki i/lub objętość (NP)
    • 412 s. :
    • b
    • Oznaczenie ilustracji (NP)
    • rys. :
    • c
    • Format (NP)
    • 25 cm.
490 -Strefa serii i książki wielotomowej - forma nie do wyszukiwania [0, ]
    • a
    • Tytuł (P)
    • (Metalurgia / Politechnika Częstochowska ; Find
    • v
    • Numeracja (P)
    • nr 12)
500 -Uwaga ogólna [ , ]
    • a
    • Uwaga ogólna (NP)
    • Bibliogr
080 -Uniwersalna Klasyfikacja Dziesiętna [ , ]
    • a
    • Symbol klasyfikacji
    • 669(438)"1989/..."(061)
080 -Uniwersalna Klasyfikacja Dziesiętna [ , ]
    • a
    • Symbol klasyfikacji
    • :65.01(061)
980 -Symbol UKD [ , ]
    • a
    • UKD
    • 669(438)"1989/...":65.01](061)
700 -Hasło dodatkowe - nazwa osobowa [ , ]
    • a
    • Nazwa osobowa (NP)
    • Bala Henryk Find
920 -ISBN [ , ]
    • a
    • ISBN
    • 83-87745-65-0 Find
Data inwentaryzacji Lokalizacja Numer inwentarzowy Status udost.
2003-07-29BES.90822-2